Las mujeres en transición
Gardado en:
| Formato: | Texto |
|---|---|
| Materias: | |
| Etiquetas: |
Engadir etiqueta
Sen Etiquetas, Sexa o primeiro en etiquetar este rexistro!
|
MARC
| LEADER | 00000 a a2200000 04500 | ||
|---|---|---|---|
| 001 | 16635 | ||
| 003 | |||
| 040 | |||
| 245 | |a Las mujeres en transición | ||
| 650 | |a MUJERES | ||
| 650 | |a MOVIMIENTOS SOCIALES | ||
| 650 | |a TRABAJADORAS | ||
| 650 | |a ROL DE LA MUJER | ||
| 650 | |a IGUALDAD DE OPORTUNIDADES | ||
| 650 | |a DERECHOS DE LA MUJER | ||
| 650 | |a REVOLUCION | ||
| 650 | |a ORGANIZACIONES FEMENINAS | ||
| 773 | |g número 2; páginas 63-66 | ||
| 999 | |c 22250 |d 22250 | ||
